[Event "Frankfurt Ch 2008"]
[Site "Ffm-Kalbach, LAZ"]
[Date "2008.06.16"]
[Round "7.2"]
[White "Voropaev, Gleb"]
[Black "Uwira, Oliver"]
[Result "1-0"]
[WhiteElo "2287"]
[BlackElo "2305"]
[PlyCount "120"]
[EventDate "2008.??.??"]

1. e4 c5 2. Nf3 Nc6 3. Bb5 d6 4. Bxc6+ bxc6 5. O-O e5 6. d3 Bg4 7. h3 Bh5 8.
Nbd2 Be7 9. Re1 Bg5 10. Nf1 Bxc1 11. Rxc1 f6 12. Ng3 Bf7 13. c3 Ne7 14. d4 cxd4
15. cxd4 O-O 16. Qa4 Qb6 17. Qa3 Rfe8 18. Red1 Qc7 19. dxe5 dxe5 20. Nh4 Rad8
21. Nhf5 Nc8 22. Qc3 Bxa2 23. Nh5 Nd6 24. Nhxg7 Rf8 25. b3 Nxf5 26. Nxf5 Rb8
27. Qg3+ Kh8 28. Rxc6 Qf7 29. Rdd6 Rxb3 30. Qg4 Qg6 31. Rc7 Rb1+ 32. Kh2 Bf7
33. Rxa7 Rbb8 34. Rdd7 Qxg4 35. hxg4 Bg6 36. f3 Ra8 37. Rxa8 Rxa8 38. Ne3 Rf8
39. Kg3 Kg8 40. Nf5 Re8 41. Kh4 Bxf5 42. exf5 e4 43. f4 e3 44. Rd1 Kf7 45. Kg3
Ra8 46. Re1 Ra5 47. Rxe3 Ra7 48. g5 fxg5 49. fxg5 Ra4 50. Rf3 Rb4 51. Rf4 Rb3+
52. Kg4 Rb2 53. g3 Rb3 54. Ra4 Rb7 55. Kh5 Rb1 56. Ra7+ Kg8 57. g6 hxg6+ 58.
Kxg6 Rb6+ 59. f6 Rb8 60. Re7 Kh8 1-0

[Event "Frankfurt Ch 2008"]
[Site "Ffm-Kalbach, LAZ"]
[Date "2008.06.16"]
[Round "7.3"]
[White "Schlamp, Robert"]
[Black "Solonar, Stefan"]
[Result "1/2-1/2"]
[WhiteElo "2333"]
[BlackElo "2363"]
[PlyCount "112"]
[EventDate "2008.??.??"]

1. Nf3 c5 2. g3 Nc6 3. d4 d5 4. Bg2 Nf6 5. O-O e6 6. Nc3 cxd4 7. Nxd4 Bb4 8. a3
Ba5 9. b4 Bb6 10. Nxc6 bxc6 11. Na4 Bc7 12. c4 O-O 13. Bb2 Rb8 14. Rc1 a5 15.
cxd5 cxd5 16. Qd2 axb4 17. axb4 Bd6 18. Nc5 Qb6 19. Bxf6 gxf6 20. e4 d4 21.
Qxd4 Be5 22. Qc4 Qxb4 23. Qxb4 Rxb4 24. Nd3 Rb5 25. Nxe5 Rxe5 26. Rc7 Rb5 27.
Rfc1 Rb8 28. Bf1 Bb7 29. f3 Rbc8 30. Kf2 Rfd8 31. Ke3 Kf8 32. Bb5 Rxc7 33. Rxc7
Rb8 34. Bd3 Kg7 35. f4 Ba8 36. f5 Rb7 37. Rc8 Ra7 38. Rc3 exf5 39. exf5 Re7+
40. Kf4 Ra7 41. g4 Ra4+ 42. Kg3 Bd5 43. Be2 Ra2 44. Re3 Rb2 45. Re8 Rb3+ 46.
Kf2 Rh3 47. Kg1 Ra3 48. Rd8 Bf3 49. Bxf3 Rxf3 50. Kg2 Ra3 51. h3 h5 52. Rd4 h4
53. Rf4 Rg3+ 54. Kh2 Kh6 55. Rf2 Kg5 56. Rb2 Kh6 1/2-1/2

[Event "Frankfurt Ch 2008"]
[Site "Ffm-Kalbach, LAZ"]
[Date "2008.06.16"]
[Round "7.4"]
[White "Isserman, Ryhor"]
[Black "Minor, Samuel"]
[Result "1-0"]
[WhiteElo "2273"]
[BlackElo "2179"]
[PlyCount "81"]
[EventDate "2008.??.??"]

1. e4 c5 2. Nf3 d6 3. d4 cxd4 4. Nxd4 Nf6 5. Nc3 Nc6 6. Bc4 Qb6 7. Nb3 e6 8.
Bf4 Ne5 9. Be2 Be7 10. Be3 Qc7 11. Nb5 Qb8 12. f4 Ned7 13. Bf3 a6 14. Nc3 Qc7
15. a4 Nb6 16. Nd2 Nc4 17. Nxc4 Qxc4 18. Qd3 Qc7 19. O-O O-O 20. a5 Nd7 21. Na4
Rb8 22. Ba7 Ra8 23. Be3 Rb8 24. Rfd1 Nc5 25. Qc3 Qc6 26. Nb6 Nd7 27. Nc4 e5 28.
Nxd6 Qxc3 29. bxc3 Rd8 30. Bg4 Nb6 31. Nxc8 Nxc8 32. fxe5 b6 33. Rxd8+ Bxd8 34.
Rd1 Be7 35. Rd7 h5 36. Bh3 bxa5 37. Rc7 a4 38. Rxc8+ Rxc8 39. Bxc8 a3 40. Bc1
a5 41. Bd7 1-0

[Event "Frankfurt Ch 2008"]
[Site "Ffm-Kalbach, LAZ"]
[Date "2008.06.16"]
[Round "7.5"]
[White "Reschke, Stefan"]
[Black "Stelzer, Harald"]
[Result "1-0"]
[WhiteElo "2360"]
[BlackElo "2228"]
[PlyCount "61"]
[EventDate "2008.??.??"]

1. Nf3 d5 2. b3 Nf6 3. Bb2 c5 4. e3 Bg4 5. h3 Bxf3 6. Qxf3 e6 7. Bb5+ Nfd7 8.
c4 a6 9. Bxd7+ Qxd7 10. cxd5 Qxd5 11. Qxd5 exd5 12. Nc3 d4 13. Nd5 Bd6 14. Nb6
Nd7 15. Nxa8 O-O 16. exd4 Re8+ 17. Kd1 Rxa8 18. Re1 Rd8 19. Rc1 h6 20. Re2 b6
21. Ba3 g5 22. dxc5 bxc5 23. Bb2 Nb6 24. Be5 Nd5 25. Bxd6 Rxd6 26. g3 Nb4 27.
a3 Nd3 28. Rc3 Rd5 29. Re8+ Kg7 30. Ke2 Ne5 31. Rc8 1-0

[Event "Frankfurt Ch 2008"]
[Site "Ffm-Kalbach, LAZ"]
[Date "2008.06.16"]
[Round "7.6"]
[White "Reschke, Thomas"]
[Black "Mustafa, Wail"]
[Result "0-1"]
[WhiteElo "2226"]
[BlackElo "2104"]
[PlyCount "74"]
[EventDate "2008.??.??"]

1. c4 e6 2. e4 c5 3. Nc3 Nc6 4. g3 g6 5. Bg2 Bg7 6. Nge2 d6 7. a3 a6 8. Rb1 h5
9. h4 Nh6 10. f3 Bd7 11. b4 Qc7 12. d3 cxb4 13. axb4 b5 14. cxb5 Nxb4 15. Rxb4
Bxc3+ 16. Nxc3 Qxc3+ 17. Bd2 Qa3 18. Ra4 Qb2 19. Rxa6 Rb8 20. Qc1 Qxb5 21. Rxd6
f6 22. Rd4 Qe5 23. Rc4 Ra8 24. O-O Qxg3 25. Bxh6 Rxh6 26. Rf2 Rh7 27. Rb2 g5
28. hxg5 h4 29. e5 f5 30. Kf1 h3 31. Bh1 h2 32. Rg2 Qxf3+ 33. Ke1 Qxd3 34. g6
Rh3 35. Re2 Rg3 36. Rf4 Rd8 37. Rf1 Rxg6 0-1

[Event "Frankfurt Ch 2008"]
[Site "Ffm-Kalbach, LAZ"]
[Date "2008.06.16"]
[Round "7.7"]
[White "Marzahn, Heiko"]
[Black "Richter, Tobias"]
[Result "1-0"]
[WhiteElo "1938"]
[BlackElo "2099"]
[PlyCount "111"]
[EventDate "2008.??.??"]

1. e4 d6 2. f4 g6 3. Nf3 Bg7 4. g3 c5 5. Bg2 Nc6 6. d3 Bg4 7. h3 Bd7 8. O-O b5
9. Nc3 b4 10. Nd5 Nf6 11. Ne3 e5 12. Nc4 Qc7 13. Be3 Be6 14. fxe5 Nxe5 15.
Ncxe5 dxe5 16. Qd2 Rd8 17. Qf2 Rc8 18. Ng5 Bd7 19. b3 O-O 20. a4 Ne8 21. g4 Nd6
22. Qh4 h6 23. Nf3 Qd8 24. g5 h5 25. Rf2 Qe7 26. Bf1 Nb7 27. Be2 Nd8 28. Raf1
Ne6 29. Nh2 Rc6 30. Rf6 Nf4 31. Bxf4 Rxf6 32. gxf6 Bxf6 33. Qf2 exf4 34. Qxf4
Be5 35. Qf3 Qg5+ 36. Kh1 Qh4 37. Rg1 Kh7 38. Bf1 Be6 39. Qg2 Qf6 40. Nf3 Bf4
41. Qf2 Bd7 42. Qxc5 Rc8 43. Qxa7 Bb8 44. Qf2 Kg7 45. Bg2 Qb2 46. Qb6 Qxc2 47.
Qd4+ Kg8 48. Qxd7 Bf4 49. e5 Rc3 50. Qe8+ Kg7 51. e6 fxe6 52. Qe7+ Kh6 53. Qf8+
Kh7 54. Qxf4 Rxd3 55. Ng5+ Kh6 56. Nxe6+ 1-0

[Event "Frankfurt Ch 2008"]
[Site "Ffm-Kalbach, LAZ"]
[Date "2008.06.16"]
[Round "7.8"]
[White "Von Auer, Ulrich"]
[Black "Bischoff, Ulrich"]
[Result "1/2-1/2"]
[WhiteElo "2101"]
[BlackElo "2101"]
[PlyCount "27"]
[EventDate "2008.??.??"]

1. d4 d5 2. c4 c6 3. Nf3 Nf6 4. Nc3 a6 5. cxd5 cxd5 6. Bf4 Nc6 7. e3 Bf5 8. h3
e6 9. Nh4 Be4 10. Nf3 Bb4 11. Be2 O-O 12. Rc1 Rc8 13. O-O Bxf3 14. Bxf3 1/2-1/2

[Event "Frankfurt Ch 2008"]
[Site "Ffm-Kalbach, LAZ"]
[Date "2008.06.16"]
[Round "7.9"]
[White "Syed, Tareq"]
[Black "Sadeghi, Behrang"]
[Result "0-1"]
[WhiteElo "2124"]
[BlackElo "2283"]
[PlyCount "94"]
[EventDate "2008.??.??"]

1. e4 c5 2. d3 Nc6 3. g3 e5 4. Bg2 d6 5. Nh3 g6 6. O-O Bg7 7. c3 Nge7 8. f4 h6
9. Na3 Be6 10. Be3 Qd7 11. Nf2 b6 12. g4 exf4 13. Bxf4 O-O 14. Qe2 Rac8 15. h3
Rfe8 16. Qe3 Kh7 17. Qg3 g5 18. Bd2 Be5 19. Qf3 Ng6 20. Nh1 Bf4 21. Be1 Nce5
22. Qe2 d5 23. Ng3 Bxg3 24. Bxg3 d4 25. c4 Kg7 26. Nc2 Nxc4 27. b3 Nce5 28. Ne1
Qe7 29. Nf3 f6 30. Rad1 Rcd8 31. Nh2 Qd7 32. Rf2 Rf8 33. Nf1 b5 34. Qd2 Qc7 35.
Bh2 Nh4 36. Ng3 Bf7 37. Rdf1 Bg6 38. Bh1 c4 39. bxc4 bxc4 40. Nh5+ Bxh5 41.
gxh5 c3 42. Qe2 Rb8 43. Bg3 Rb2 44. Qd1 Rxf2 45. Kxf2 Rb8 46. Bxh4 Rb2+ 47. Ke1
Rd2 0-1

[Event "Frankfurt Ch 2008"]
[Site "Ffm-Kalbach, LAZ"]
[Date "2008.06.16"]
[Round "7.10"]
[White "Henzner, Reiner"]
[Black "Kayser, Felix"]
[Result "1/2-1/2"]
[WhiteElo "2094"]
[BlackElo "2206"]
[PlyCount "103"]
[EventDate "2008.??.??"]

1. e4 c5 2. Nf3 g6 3. c3 Bg7 4. Bc4 d6 5. O-O Nc6 6. h3 Nf6 7. Re1 O-O 8. d3 d5
9. Bb3 dxe4 10. dxe4 Qc7 11. Qe2 e6 12. Bg5 b6 13. Nbd2 a5 14. a4 h6 15. Bh4
Nh5 16. Nh2 Ne5 17. Qe3 Kh7 18. g4 Nf6 19. Bg3 Nfd7 20. f4 Nc6 21. Rad1 Nd4 22.
Nhf3 Nxb3 23. Nxb3 Qc6 24. Ra1 Bb7 25. Nbd2 Rae8 26. Kf2 f5 27. e5 fxg4 28.
hxg4 Bxe5 29. fxe5 Rxf3+ 30. Nxf3 Rf8 31. Bf4 g5 32. Rh1 Rxf4 33. Rh3 Nxe5 34.
Qxe5 Rxf3+ 35. Rxf3 Qxf3+ 36. Ke1 Qh1+ 37. Kd2 Qxa1 38. Qc7+ Kg6 39. Qxb7 Qxb2+
40. Kd3 Qb3 41. Qe4+ Kf6 42. Qf3+ Ke5 43. Qg3+ Kd5 44. Qf3+ Kd6 45. Qf8+ Kd7
46. Qf7+ Kc6 47. Qe8+ Kd5 48. Qd7+ Ke5 49. Qc7+ Kd5 50. Qd7+ Ke5 51. Qc7+ Kd5
52. Qd7+ 1/2-1/2

[Event "Frankfurt Ch 2008"]
[Site "Ffm-Kalbach, LAZ"]
[Date "2008.06.16"]
[Round "7.11"]
[White "Schlapp, Thomas"]
[Black "Kabir, Razaul"]
[Result "1-0"]
[WhiteElo "2257"]
[BlackElo "2100"]
[PlyCount "77"]
[EventDate "2008.??.??"]

1. d4 Nf6 2. c4 e6 3. Nc3 Bb4 4. Qc2 d5 5. Bg5 c5 6. cxd5 exd5 7. Nf3 Nc6 8. a3
Qa5 9. Bxf6 gxf6 10. Rd1 Bxc3+ 11. Qxc3 c4 12. Nh4 Be6 13. g3 O-O-O 14. Bg2 Rd6
15. f4 Re8 16. Kf2 Qxc3 17. bxc3 Na5 18. e4 Bg4 19. Rde1 Rb6 20. f5 Rb2+ 21.
Ke3 dxe4 22. Kf4 h5 23. h3 Rxg2 24. Nxg2 Bf3 25. Rh2 Nc6 26. Nh4 Ne7 27. g4
hxg4 28. hxg4 Nd5+ 29. Kg3 Rg8 30. Nxf3 exf3 31. Kxf3 Rg7 32. Rh8+ Kc7 33. Ree8
b5 34. Ra8 Nxc3 35. Rxa7+ Kb6 36. Rd7 Kc6 37. Ra7 Kb6 38. Raa8 Na4 39. Rhb8+
1-0

[Event "Frankfurt Ch 2008"]
[Site "Ffm-Kalbach, LAZ"]
[Date "2008.06.16"]
[Round "7.12"]
[White "Behnick, Eckhard"]
[Black "Zuyev, Igor"]
[Result "0-1"]
[WhiteElo "2156"]
[BlackElo "2265"]
[PlyCount "82"]
[EventDate "2008.??.??"]

1. d4 d5 2. Nf3 Nc6 3. g3 Bg4 4. Bg2 e6 5. O-O Nf6 6. b3 Bd6 7. Bb2 O-O 8. Ne5
Bxe5 9. dxe5 Nd7 10. f4 Ne7 11. h3 Bh5 12. g4 Bg6 13. Nd2 f5 14. e3 fxg4 15.
hxg4 c6 16. Nf3 Qb6 17. Nd4 c5 18. Ne2 Rad8 19. Ng3 Nb8 20. Bh3 d4 21. e4 c4
22. Kh2 Nbc6 23. Ba3 cxb3 24. axb3 Nb4 25. g5 Bf7 26. Bxb4 Qxb4 27. Rxa7 Qb6
28. Ra4 Be8 29. Ra2 Bb5 30. Rf3 Ng6 31. Nh5 Rf7 32. Kg3 Rdf8 33. Bg4 Rc7 34.
Rf2 Rc3+ 35. Bf3 Qd8 36. Qd2 Re3 37. Kg4 h6 38. Nf6+ gxf6 39. gxf6 Rxf6 40.
exf6 Qxf6 41. Kh3 Be2 0-1

[Event "Frankfurt Ch 2008"]
[Site "Ffm-Kalbach, LAZ"]
[Date "2008.06.16"]
[Round "7.13"]
[White "Stadtmueller, Harald"]
[Black "Kolker, Vladislav"]
[Result "1/2-1/2"]
[WhiteElo "2192"]
[BlackElo "2091"]
[PlyCount "79"]
[EventDate "2008.??.??"]

1. d4 Nf6 2. Nf3 g6 3. Bf4 Bg7 4. e3 d6 5. h3 O-O 6. Be2 Nh5 7. Bh2 f5 8. O-O
f4 9. e4 e5 10. Nc3 Nc6 11. dxe5 dxe5 12. Nd5 Nf6 13. Nxf6+ Qxf6 14. c3 Be6 15.
Nd2 Rad8 16. Qc2 Kh8 17. Rad1 g5 18. Nb3 g4 19. Rxd8 Qxd8 20. Nc5 Bc8 21. Bxg4
Bxg4 22. hxg4 Qh4 23. f3 Rf6 24. Qf2 Qg5 25. Nxb7 h5 26. gxh5 Qxh5 27. g4 fxg3
28. Bxg3 Bh6 29. Kg2 Rg6 30. Rh1 Qg5 31. Rh3 Kg8 32. Kh2 Qc1 33. Rh4 Be3 34.
Qg2 Bd2 35. Rg4 Rxg4 36. fxg4 Qxb2 37. Nc5 Qxc3 38. Ne6 Nd4 39. Nxd4 Qxd4 40.
Qf2 1/2-1/2

[Event "Frankfurt Ch 2008"]
[Site "Ffm-Kalbach, LAZ"]
[Date "2008.06.16"]
[Round "7.14"]
[White "Schwenkreis, Thomas"]
[Black "Czech, Ludwig"]
[Result "1-0"]
[WhiteElo "2052"]
[BlackElo "2075"]
[PlyCount "93"]
[EventDate "2008.??.??"]

1. Nf3 f5 2. d3 d6 3. e4 e5 4. g3 Nc6 5. Bg2 Nf6 6. Nc3 Be7 7. O-O O-O 8. a3
fxe4 9. dxe4 Bg4 10. Qd3 Qd7 11. Re1 Rae8 12. b4 a6 13. Rb1 Kh8 14. Be3 Ng8 15.
Nd2 Rf7 16. f3 Bh3 17. Bh1 Ref8 18. Nd5 Bd8 19. c4 Nce7 20. Nc3 Nc8 21. Nd1 c6
22. Nf2 Be6 23. Bg2 Nf6 24. Nb3 Bb6 25. c5 Bc7 26. cxd6 Bxd6 27. Nc5 Bxc5 28.
Bxc5 Rd8 29. Qc3 Qc7 30. Nd3 Nd7 31. Be3 Ncb6 32. f4 Na4 33. Qc2 b5 34. Nxe5
Nxe5 35. fxe5 Qxe5 36. Qxc6 Nc3 37. Rbc1 Rc8 38. Qb6 Rfc7 39. Kh1 Na4 40. Qxa6
Rxc1 41. Bxc1 Qc3 42. Rf1 Qxc1 43. Qxe6 Qc3 44. e5 Nb2 45. Qf7 h6 46. e6 Qe5
47. e7 1-0

[Event "Frankfurt Ch 2008"]
[Site "Ffm-Kalbach, LAZ"]
[Date "2008.06.16"]
[Round "7.15"]
[White "Diekmann, HanJo"]
[Black "Schreiner, Roland"]
[Result "0-1"]
[WhiteElo "2199"]
[BlackElo "1956"]
[PlyCount "72"]
[EventDate "2008.??.??"]

1. Nf3 d5 2. c4 e6 3. g3 Nf6 4. Bg2 Be7 5. O-O O-O 6. d4 c6 7. Nc3 Nbd7 8. cxd5
exd5 9. Bf4 Re8 10. Re1 Nf8 11. Qb3 Ne6 12. Ne5 Nxd4 13. Qa4 Ne6 14. Rad1 Nxf4
15. gxf4 Bg4 16. Ne4 Qc8 17. Ng5 h6 18. Ngf3 Bh3 19. Qb3 Bxg2 20. Kxg2 Ne4 21.
Nd2 Nxd2 22. Rxd2 Bd6 23. Qg3 Bxe5 24. fxe5 Re6 25. Kh1 Rg6 26. Qf4 Qe6 27. Rd3
Re8 28. Re3 Rg4 29. Qf3 Qg6 30. Rc1 Qg5 31. Rd1 Re6 32. Qh3 Rg6 33. Rg3 Qf4 34.
Rxg4 Rxg4 35. e3 Qf5 36. f3 Rg1+ 0-1

[Event "Frankfurt Ch 2008"]
[Site "Ffm-Kalbach, LAZ"]
[Date "2008.06.16"]
[Round "7.16"]
[White "Kreiling, Carsten"]
[Black "Biegel, Thomas"]
[Result "1/2-1/2"]
[WhiteElo "2126"]
[BlackElo "2030"]
[PlyCount "46"]
[EventDate "2008.??.??"]

1. d4 d5 2. c4 c6 3. Qc2 Nf6 4. Nf3 dxc4 5. Qxc4 Bf5 6. g3 Nbd7 7. Bg2 e6 8.
O-O Be7 9. Bd2 Nb6 10. Qb3 Qd5 11. Qd1 Ne4 12. Nc3 Nxc3 13. Bxc3 Be4 14. Ne1
Bxg2 15. Nxg2 O-O 16. Qc2 Rac8 17. Nf4 Qd7 18. Rfd1 Qc7 19. Nd3 Nd5 20. Rac1
Rfd8 21. Qb3 Qb6 22. Qxb6 axb6 23. e3 Ra8 1/2-1/2

[Event "Frankfurt Ch 2008"]
[Site "Ffm-Kalbach, LAZ"]
[Date "2008.06.16"]
[Round "7.17"]
[White "Mahnke, Ralf"]
[Black "Svitek, Volker"]
[Result "1/2-1/2"]
[WhiteElo "1751"]
[BlackElo "2104"]
[PlyCount "111"]
[EventDate "2008.??.??"]

1. d4 d5 2. c4 c6 3. cxd5 cxd5 4. Nf3 Nf6 5. Bf4 e6 6. Nc3 Be7 7. e3 O-O 8. h3
Nc6 9. Be2 Bd7 10. O-O Rc8 11. Rc1 a6 12. a3 Na5 13. Ne5 b5 14. a4 b4 15. Nb1
Rxc1 16. Qxc1 Bxa4 17. Bxa6 Qa8 18. Bd3 Rc8 19. Qd2 Nb3 20. Qe1 Nc1 21. Nd2
Nxd3 22. Nxd3 Bb5 23. Qb1 Qa6 24. Rc1 Bxd3 25. Rxc8+ Qxc8 26. Qxd3 Qc1+ 27. Kh2
Qxb2 28. f3 h6 29. Nb3 Qc3 30. Qxc3 bxc3 31. Na1 Kf8 32. Nc2 Ke8 33. Bc7 Kd7
34. Ba5 Kc6 35. Bxc3 Kb5 36. Ne1 Kc4 37. Ba5 Bd6+ 38. Kg1 Bg3 39. Kf1 Bxe1 40.
Kxe1 Kd3 41. Kf2 Ne8 42. Bb4 h5 43. g4 g6 44. Be7 Nc7 45. Bg5 Nb5 46. Kg3 Nc3
47. Kf4 Nd1 48. Ke5 Nxe3 49. Kf6 Kxd4 50. Kxf7 hxg4 51. fxg4 Ke4 52. Kxe6 d4
53. Bd8 Nc4 54. Be7 d3 55. Bb4 Ne5 56. Kf6 1/2-1/2

[Event "Frankfurt Ch 2008"]
[Site "Ffm-Kalbach, LAZ"]
[Date "2008.06.16"]
[Round "7.19"]
[White "Arnold, Michael"]
[Black "Weiss, Matthias"]
[Result "0-1"]
[WhiteElo "1733"]
[BlackElo "2046"]
[PlyCount "94"]
[EventDate "2008.??.??"]

1. e4 c5 2. Nf3 e6 3. d3 d5 4. Nbd2 Nc6 5. g3 g6 6. Bg2 Bg7 7. O-O Nge7 8. Re1
h6 9. c3 b6 10. Nf1 a5 11. h4 Ra7 12. e5 O-O 13. d4 cxd4 14. cxd4 Ba6 15. a3 a4
16. Bf4 Bc4 17. Qd2 Kh7 18. Qe3 Nf5 19. Qc3 b5 20. Ne3 Qa5 21. Nxf5 Qxc3 22.
bxc3 gxf5 23. Bf1 Na5 24. Nd2 Bxf1 25. Kxf1 Rc8 26. Rec1 Bf8 27. Rc2 Rac7 28.
Rb1 Rxc3 29. Rxc3 Rxc3 30. Rxb5 Nc4 31. Rb7 Kg7 32. Rb8 Bxa3 33. Ra8 Nxd2+ 34.
Bxd2 Rc4 35. Ba5 Rxd4 36. Bd8 Kg6 37. Bf6 Bb2 38. Kg2 a3 39. f3 Kh5 40. Kh3 Rd3
41. Kg2 Rd4 42. Kh3 Rc4 43. Ra7 Rc3 44. Kg2 Rc8 45. Kh3 Rg8 46. Ra4 d4 47. Be7
d3 0-1

[Event "Frankfurt Ch 2008"]
[Site "Ffm-Kalbach, LAZ"]
[Date "2008.06.16"]
[Round "7.20"]
[White "Pfrommer, Christoph"]
[Black "Gutacker, Stephan"]
[Result "1-0"]
[WhiteElo "2403"]
[BlackElo "1985"]
[PlyCount "59"]
[EventDate "2008.??.??"]

1. d4 Nf6 2. Bg5 e6 3. Nf3 b6 4. e3 Bb7 5. Bd3 Be7 6. O-O Ne4 7. Bxe7 Qxe7 8.
Nfd2 Nxd2 9. Nxd2 d6 10. c3 Nd7 11. Qe2 O-O 12. Ba6 Bxa6 13. Qxa6 c5 14. a4 d5
15. Rfe1 c4 16. e4 Nb8 17. Qb5 a6 18. Qxb6 Nd7 19. Qc7 Rfc8 20. Qg3 Rab8 21.
exd5 Rxb2 22. Nf3 Rc2 23. dxe6 fxe6 24. Ng5 Nf8 25. h3 h6 26. Ne4 Nd7 27. Rab1
e5 28. Rb7 Rf8 29. dxe5 Rf5 30. Rd1 1-0

[Event "Frankfurt Ch 2008"]
[Site "Ffm-Kalbach, LAZ"]
[Date "2008.06.16"]
[Round "7.21"]
[White "Diaz, Joaquin"]
[Black "Rasche, Hannes"]
[Result "1-0"]
[WhiteElo "2163"]
[BlackElo "2020"]
[PlyCount "61"]
[EventDate "2008.??.??"]

1. e4 e6 2. d4 d5 3. e5 c5 4. c3 Nc6 5. Nf3 Qb6 6. a3 f6 7. Be2 fxe5 8. dxe5
Nge7 9. O-O Ng6 10. c4 d4 11. Bd3 Ncxe5 12. Nxe5 Nxe5 13. Qh5+ Nf7 14. b4 g6
15. Qe2 Bg7 16. Nd2 cxb4 17. c5 Qxc5 18. Bb5+ Kf8 19. axb4 Qe5 20. Qd3 Nd6 21.
Ba4 Qf5 22. Qg3 Be5 23. f4 Bf6 24. Bb2 b5 25. Rac1 Nc4 26. Bc2 Qh5 27. Bd1 Qf5
28. Bg4 Nxb2 29. Bxf5 exf5 30. Qf3 Rb8 31. Qc6 1-0

[Event "Frankfurt Ch 2008"]
[Site "Ffm-Kalbach, LAZ"]
[Date "2008.06.16"]
[Round "7.22"]
[White "Escher, Helmut"]
[Black "Hausmann, Hans-Ulrich"]
[Result "1-0"]
[WhiteElo "2078"]
[BlackElo "1950"]
[PlyCount "67"]
[EventDate "2008.??.??"]

1. d4 Nf6 2. Nf3 e6 3. Bf4 c5 4. c3 b6 5. e3 Bb7 6. Nbd2 cxd4 7. exd4 Be7 8.
Bd3 O-O 9. O-O d6 10. h3 Nbd7 11. Qe2 Re8 12. Rfe1 Nf8 13. Rad1 Ng6 14. Bh2 Nh5
15. Qe3 Nf6 16. Ne4 Nxe4 17. Bxe4 Bxe4 18. Qxe4 d5 19. Qd3 Qd7 20. Re2 b5 21.
Bg3 Rec8 22. h4 Bd6 23. h5 Nf4 24. Bxf4 Bxf4 25. g3 e5 26. Nxe5 Bxe5 27. Rxe5
f6 28. Qf5 Qxf5 29. Rxf5 b4 30. cxb4 Rc2 31. Rxd5 Re8 32. Rd7 Ree2 33. Rf1 Rxb2
34. a3 1-0

[Event "Frankfurt Ch 2008"]
[Site "Ffm-Kalbach, LAZ"]
[Date "2008.06.16"]
[Round "7.23"]
[White "Noblé, Alexander"]
[Black "Fröhlich-Dill, Astrid"]
[Result "1/2-1/2"]
[WhiteElo "2077"]
[BlackElo "1997"]
[PlyCount "23"]
[EventDate "2008.??.??"]

1. e4 c5 2. d4 cxd4 3. c3 dxc3 4. Nxc3 Nc6 5. Bc4 g6 6. Nf3 Bg7 7. O-O a6 8.
Bf4 Nf6 9. h3 d6 10. Qe2 O-O 11. Rfd1 Nd7 12. Rac1 1/2-1/2

[Event "Frankfurt Ch 2008"]
[Site "Ffm-Kalbach, LAZ"]
[Date "2008.06.16"]
[Round "7.24"]
[White "Graebner, Walter"]
[Black "Dubois De Luchet, E."]
[Result "1/2-1/2"]
[WhiteElo "2053"]
[BlackElo "1967"]
[PlyCount "105"]
[EventDate "2008.??.??"]

1. d4 d5 2. c4 c6 3. Nc3 Nf6 4. Nf3 dxc4 5. a4 Bf5 6. e3 e6 7. Ne5 Bb4 8. Bxc4
O-O 9. O-O c5 10. Qb3 Qe7 11. Ne2 Rc8 12. Rd1 Nc6 13. Nxc6 Rxc6 14. Bd2 Rac8
15. Bb5 R6c7 16. Bxb4 cxb4 17. Bd3 Bxd3 18. Qxd3 Rc2 19. Rd2 Rxd2 20. Qxd2 a5
21. Rc1 Rxc1+ 22. Qxc1 Qd7 23. Qc2 b6 24. f3 Kf8 25. Kf2 Ke7 26. b3 Kd6 27. e4
Ke7 28. Qc4 Ne8 29. Qc2 Qc7 30. Qxc7+ Nxc7 31. Ke3 Kd6 32. Kd3 b5 33. axb5 Nxb5
34. f4 Kc6 35. g4 Nd6 36. g5 f5 37. gxf6 gxf6 38. Ng3 f5 39. e5 Nb5 40. Nf1 Nc3
41. h3 Kb5 42. Ne3 a4 43. bxa4+ Nxa4 44. d5 b3 45. dxe6 Nc5+ 46. Kc3 Nxe6 47.
Kxb3 Nxf4 48. Kc3 Kc5 49. Kd2 Nxh3 50. Nxf5 Kd5 51. Ng3 Kxe5 52. Ke3 Kf6 53.
Kf3 1/2-1/2

[Event "Frankfurt Ch 2008"]
[Site "Ffm-Kalbach, LAZ"]
[Date "2008.06.16"]
[Round "7.25"]
[White "Ganjian, Mehrdad"]
[Black "Koch, Markus"]
[Result "0-1"]
[WhiteElo "1803"]
[BlackElo "1935"]
[PlyCount "72"]
[EventDate "2008.??.??"]

1. e4 g6 2. d4 Bg7 3. Nf3 d6 4. Bc4 Nf6 5. Qe2 c6 6. c3 O-O 7. Bg5 Nxe4 8. Qxe4
d5 9. Qd3 dxc4 10. Qxc4 Qd5 11. Nbd2 f6 12. Be3 e5 13. dxe5 fxe5 14. O-O-O b5
15. Qxd5+ cxd5 16. Nb3 Rd8 17. h3 Nc6 18. Rhe1 h6 19. Rd2 Be6 20. Nc5 Bf7 21.
Nb7 Rd7 22. Nc5 Rc7 23. Na6 Rcc8 24. Kb1 b4 25. Bc5 bxc3 26. bxc3 g5 27. a3 Nb8
28. Nxb8 Raxb8+ 29. Bb4 a5 30. Nxe5 axb4 31. cxb4 Rc3 32. Nxf7 Kxf7 33. Rxd5
Rxa3 34. Rd7+ Kg8 35. Ree7 Rxb4+ 36. Kc2 Rb2+ 0-1

[Event "Frankfurt Ch 2008"]
[Site "Ffm-Kalbach, LAZ"]
[Date "2008.06.16"]
[Round "7.26"]
[White "Sarközy, Benjamin"]
[Black "Krüger, Till"]
[Result "1-0"]
[WhiteElo "1787"]
[BlackElo "2069"]
[PlyCount "46"]
[EventDate "2008.??.??"]

1. d4 g6 2. h4 Nf6 3. Nc3 d5 4. Bg5 h6 5. Bf4 Bg7 6. Nf3 Bf5 7. e3 a6 8. Ne5 h5
9. Bd3 Bxd3 10. Qxd3 Nbd7 11. O-O-O e6 12. e4 dxe4 13. Nxe4 Nd5 14. Bg5 Bh6 15.
Bxh6 Rxh6 16. c4 Nxe5 17. dxe5 c6 18. cxd5 cxd5 19. Nd6+ Kf8 20. Kb1 Kg7 21.
Qd4 Rb8 22. Rh3 Kg8 23. Rc1 f6 1-0

[Event "Frankfurt Ch 2008"]
[Site "Ffm-Kalbach, LAZ"]
[Date "2008.06.16"]
[Round "7.27"]
[White "Benikhis, Avram"]
[Black "Czikuß, Hans-Joachim"]
[Result "1/2-1/2"]
[WhiteElo "1774"]
[BlackElo "1951"]
[PlyCount "112"]
[EventDate "2008.??.??"]

1. d4 Nf6 2. c4 e6 3. Nc3 Bb4 4. Qc2 O-O 5. a3 Bxc3+ 6. Qxc3 b6 7. Bg5 Bb7 8.
Qc2 d6 9. f3 h6 10. Bh4 Nbd7 11. e4 e5 12. dxe5 dxe5 13. O-O-O Qe7 14. Ne2 Rfd8
15. Nc3 c6 16. Be2 Nc5 17. Bf2 Ne6 18. g3 Nd4 19. Bxd4 exd4 20. Na2 c5 21. Rhe1
Bc6 22. Kb1 a6 23. Nc1 b5 24. Nd3 bxc4 25. Qxc4 Bb5 26. Qa2 c4 27. Nf2 d3 28.
Bf1 Qc5 29. Rd2 Ba4 30. Nd1 Bxd1 31. Rexd1 c3 32. bxc3 Rab8+ 33. Rb2 Qxc3 34.
Rc1 Qd4 35. a4 Qe3 36. Qc4 d2 37. Rd1 Qxf3 38. Be2 Qxe4+ 39. Qxe4 Nxe4 40. Rxb8
Rxb8+ 41. Kc2 Rc8+ 42. Kb2 Rd8 43. Kc2 a5 44. Bf3 Rd4 45. Bxe4 Rxe4 46. Rxd2
Rxa4 47. Rd8+ Kh7 48. Kb3 Re4 49. Ra8 a4+ 50. Kc3 g5 51. Kd3 Rb4 52. Ke3 Kg6
53. Kf3 Rb3+ 54. Ke4 a3 55. Ra6+ Kh5 56. Kf5 Rb5+ 1/2-1/2

[Event "Frankfurt Ch 2008"]
[Site "Ffm-Kalbach, LAZ"]
[Date "2008.06.16"]
[Round "7.28"]
[White "Ostermeier, Thorsten"]
[Black "Orwatsch, Gerhard"]
[Result "1/2-1/2"]
[WhiteElo "1943"]
[BlackElo "2088"]
[PlyCount "45"]
[EventDate "2008.??.??"]

1. e4 c6 2. d4 d5 3. e5 Bf5 4. Bd3 Bxd3 5. Qxd3 e6 6. Ne2 c5 7. Qb5+ Qd7 8.
Qxd7+ Kxd7 9. c3 Nc6 10. f4 h5 11. Be3 Nh6 12. dxc5 Nf5 13. Bf2 b6 14. cxb6
axb6 15. Nd2 f6 16. exf6 gxf6 17. Nb3 Ra6 18. a3 e5 19. fxe5 fxe5 20. O-O-O Ke6
21. Rhe1 Bh6+ 22. Kb1 Ne3 23. Bxe3 1/2-1/2

[Event "Frankfurt Ch 2008"]
[Site "Ffm-Kalbach, LAZ"]
[Date "2008.06.16"]
[Round "7.30"]
[White "Gauf, Wolfgang"]
[Black "Klyszcz, Michael"]
[Result "1/2-1/2"]
[WhiteElo "1758"]
[BlackElo "2038"]
[PlyCount "120"]
[EventDate "2008.??.??"]

1. d4 Nf6 2. Nf3 g6 3. c4 Bg7 4. g3 O-O 5. Bg2 d5 6. cxd5 Nxd5 7. O-O Nd7 8. e4
N5b6 9. Nc3 c5 10. Rb1 cxd4 11. Nxd4 a6 12. Nd5 Nf6 13. Nxb6 Qxb6 14. Nb3 Be6
15. Be3 Qb5 16. Nd4 Qd7 17. Nb3 Ng4 18. Qxd7 Bxd7 19. Bd4 Ne5 20. Nc5 Bc6 21.
Rfd1 Rfd8 22. Bc3 Nc4 23. Bxg7 Kxg7 24. b3 Ne5 25. Rbc1 Kf8 26. h3 g5 27. a4
Ke8 28. Bf1 Nf3+ 29. Kg2 Nd2 30. f3 Nxf1 31. Kxf1 Rxd1+ 32. Rxd1 b6 33. Nd3 f5
34. Nb4 Bb7 35. Nd5 Rc8 36. Ke2 fxe4 37. fxe4 b5 38. axb5 axb5 39. Ke3 Kf7 40.
Rd3 Ke6 41. h4 gxh4 42. gxh4 Rc5 43. Rc3 Rxc3+ 44. Nxc3 Bc6 45. b4 Ke5 46. Ne2
Bxe4 47. Nd4 Bf5 48. Nxb5 Kd5 49. Nd4 Bd7 50. b5 e5 51. Ne2 Bxb5 52. Nc3+ Kc5
53. Nxb5 Kxb5 54. Ke4 Kc6 55. Kxe5 Kd7 56. Kf6 Ke8 57. Kg7 Ke7 58. h5 Ke8 59.
h6 Ke7 60. Kxh7 Kf7 1/2-1/2